[Event "Team men PL final"]
[Site "Sochi"]
[Date "2018.05.03"]
[Round "3.28"]
[White "Antipov, Mikhail Al."]
[Black "Motylev, Alexander"]
[Result "1-0"]
[BlackElo "2660"]
[WhiteElo "2597"]
[LiveChessVersion "1.4.8"]

1. c4 {[%clk 1:30:57]} c6 {[%clk 1:29:13]} 2. d4 {[%clk 1:31:20]} d5
{[%clk 1:29:38]} 3. Nf3 {[%clk 1:31:46]} Nf6 {[%clk 1:29:59]} 4. e3
{[%clk 1:32:11]} Bf5 {[%clk 1:26:22]} 5. Nc3 {[%clk 1:32:33]} e6 {[%clk 1:26:36]}
6. Nh4 {[%clk 1:32:57]} Be4 {[%clk 1:26:21]} 7. f3 {[%clk 1:33:17]} Bg6
{[%clk 1:26:46]} 8. Qb3 {[%clk 1:33:40]} Qc7 {[%clk 1:26:42]} 9. Bd2
{[%clk 1:33:47]} a6 {[%clk 1:26:30]} 10. g3 {[%clk 1:25:29]} Be7 {[%clk 1:22:02]}
11. Rc1 {[%clk 1:21:43]} dxc4 {[%clk 1:20:22]} 12. Bxc4 {[%clk 1:20:51]} b5
{[%clk 1:19:56]} 13. Be2 {[%clk 1:20:32]} c5 {[%clk 1:19:36]} 14. dxc5
{[%clk 1:18:53]} Nc6 {[%clk 1:19:45]} 15. Nxg6 {[%clk 1:05:05]} hxg6
{[%clk 1:19:49]} 16. Qc2 {[%clk 1:04:20]} Nb4 {[%clk 0:56:25]} 17. Qb1
{[%clk 0:57:58]} Rd8 {[%clk 0:55:14]} 18. a3 {[%clk 0:47:45]} Nbd5
{[%clk 0:53:40]} 19. Nd1 {[%clk 0:45:37]} Nd7 {[%clk 0:40:41]} 20. b4
{[%clk 0:35:08]} Ne5 {[%clk 0:33:26]} 21. f4 {[%clk 0:30:47]} Nc6
{[%clk 0:26:59]} 22. Nc3 {[%clk 0:28:22]} Nf6 {[%clk 0:23:59]} 23. Bf3
{[%clk 0:22:19]} g5 {[%clk 0:23:16]} 24. Ne4 {[%clk 0:18:56]} gxf4
{[%clk 0:18:49]} 25. gxf4 {[%clk 0:19:00]} Nd5 {[%clk 0:18:06]} 26. Qc2
{[%clk 0:13:58]} Kf8 {[%clk 0:06:42]} 27. O-O {[%clk 0:07:08]} g5
{[%clk 0:01:46]} 28. Qb2 {[%clk 0:07:14]} Rg8 {[%clk 0:01:41]} 29. Kh1
{[%clk 0:07:38]} gxf4 {[%clk 0:02:01]} 30. exf4 {[%clk 0:07:53]} Nxf4
{[%clk 0:01:10]} 31. Nd6 {[%clk 0:01:02]} e5 {[%clk 0:00:50]} 32. Bxf4
{[%clk 0:00:36]} exf4 {[%clk 0:01:17]} 33. Rg1 {[%clk 0:00:59]} Rxg1+
{[%clk 0:01:08]} 34. Rxg1 {[%clk 0:01:25]} Bxd6 {[%clk 0:01:33]} 35. cxd6
{[%clk 0:00:45]} Rxd6 {[%clk 0:01:56]} 36. Qg7+ {[%clk 0:00:38]} Ke7
{[%clk 0:00:47]} 37. Qg5+ {[%clk 0:00:48]} Kf8 {[%clk 0:00:51]} 38. Qc5
{[%clk 0:00:40]} Ke7 {[%clk 0:00:34]} 39. Rc1 {[%clk 0:00:34]} Kd7
{[%clk 0:00:40]} 40. h4 {[%clk 0:30:51]} Ke7 {[%clk 0:30:31]} 1-0

[Event "Team men PL final"]
[Site "Sochi"]
[Date "2018.05.03"]
[Round "3.29"]
[White "Zvjaginsev, Vadim"]
[Black "Lomasov, Semen"]
[Result "1-0"]
[BlackElo "2559"]
[WhiteElo "2625"]
[LiveChessVersion "1.4.8"]

1. Nf3 {[%clk 1:30:52]} Nf6 {[%clk 1:30:54]} 2. g3 {[%clk 1:31:12]} b6
{[%clk 1:27:43]} 3. Bg2 {[%clk 1:31:11]} Bb7 {[%clk 1:28:06]} 4. O-O
{[%clk 1:30:34]} c5 {[%clk 1:26:35]} 5. d3 {[%clk 1:29:46]} d6 {[%clk 1:21:21]}
6. e4 {[%clk 1:28:36]} Nbd7 {[%clk 1:20:20]} 7. Nfd2 {[%clk 1:25:56]} e6
{[%clk 1:06:23]} 8. Re1 {[%clk 1:25:14]} Qc7 {[%clk 1:05:14]} 9. Nc3
{[%clk 1:21:23]} a6 {[%clk 1:05:37]} 10. a4 {[%clk 1:21:23]} Be7 {[%clk 1:03:17]}
11. Nc4 {[%clk 1:21:40]} O-O {[%clk 1:03:27]} 12. Bf4 {[%clk 1:21:21]} Ne5
{[%clk 0:58:48]} 13. Bg5 {[%clk 1:10:23]} h6 {[%clk 0:56:28]} 14. Bd2
{[%clk 1:09:41]} Rad8 {[%clk 0:51:09]} 15. Ne3 {[%clk 1:05:24]} Nc6
{[%clk 0:49:02]} 16. Ne2 {[%clk 1:02:41]} Rfe8 {[%clk 0:46:48]} 17. Nf4
{[%clk 1:00:07]} Bf8 {[%clk 0:43:34]} 18. c3 {[%clk 0:57:07]} Ne7
{[%clk 0:37:00]} 19. c4 {[%clk 0:51:58]} Nc6 {[%clk 0:28:41]} 20. Bc3
{[%clk 0:52:04]} Nd7 {[%clk 0:28:02]} 21. Ne2 {[%clk 0:48:35]} Qb8
{[%clk 0:23:43]} 22. f4 {[%clk 0:48:10]} Ba8 {[%clk 0:23:43]} 23. f5
{[%clk 0:44:51]} e5 {[%clk 0:19:52]} 24. Bd2 {[%clk 0:41:40]} b5 {[%clk 0:17:31]}
25. b3 {[%clk 0:37:43]} bxc4 {[%clk 0:12:27]} 26. bxc4 {[%clk 0:38:02]} Nb4
{[%clk 0:12:38]} 27. Bc1 {[%clk 0:36:41]} a5 {[%clk 0:12:48]} 28. Nc3
{[%clk 0:35:18]} Be7 {[%clk 0:06:48]} 29. Rb1 {[%clk 0:34:05]} Nf6
{[%clk 0:05:59]} 30. Rb2 {[%clk 0:32:50]} Nh7 {[%clk 0:04:59]} 31. h4
{[%clk 0:32:56]} Bc6 {[%clk 0:03:02]} 32. Bf1 {[%clk 0:32:27]} Rd7
{[%clk 0:03:16]} 33. Ree2 {[%clk 0:31:26]} Qd8 {[%clk 0:03:11]} 34. Rh2
{[%clk 0:31:05]} Rb7 {[%clk 0:03:16]} 35. Qe1 {[%clk 0:29:40]} Qd7
{[%clk 0:00:47]} 36. g4 {[%clk 0:26:43]} Bxa4 {[%clk 0:00:59]} 37. g5
{[%clk 0:25:39]} Bf8 {[%clk 0:00:32]} 38. gxh6 {[%clk 0:20:35]} f6
{[%clk 0:00:55]} 39. Rbg2 {[%clk 0:18:03]} Bc6 {[%clk 0:01:06]} 40. Rg6
{[%clk 0:47:29]} Kf7 {[%clk 0:30:43]} 41. hxg7 {[%clk 0:43:49]} Bxg7
{[%clk 0:31:11]} 42. Rhg2 {[%clk 0:44:02]} Bf8 {[%clk 0:28:19]} 43. Qd1
{[%clk 0:38:10]} Re7 {[%clk 0:28:06]} 44. Qh5 {[%clk 0:31:59]} Ke8
{[%clk 0:28:28]} 45. Ng4 {[%clk 0:31:51]} Kd8 {[%clk 0:27:00]} 46. Nxf6
{[%clk 0:30:53]} Nxf6 {[%clk 0:27:21]} 47. Rxf6 {[%clk 0:31:19]} Re8
{[%clk 0:27:28]} 48. Bh6 {[%clk 0:30:02]} Bxh6 {[%clk 0:20:39]} 49. Qxh6
{[%clk 0:30:16]} Kc8 {[%clk 0:20:54]} 50. Rxd6 {[%clk 0:30:23]} Qc7
{[%clk 0:21:17]} 51. Rgg6 {[%clk 0:28:04]} Bd7 {[%clk 0:21:15]} 52. Rg7
{[%clk 0:27:24]} Rd8 {[%clk 0:21:30]} 53. Nb5 {[%clk 0:24:30]} Qb8
{[%clk 0:21:08]} 54. Bh3 {[%clk 0:23:26]} 1-0

[Event "Team men PL final"]
[Site "Sochi"]
[Date "2018.05.03"]
[Round "3.30"]
[White "Golubov, Saveliy"]
[Black "Popov, Ivan"]
[Result "1/2-1/2"]
[BlackElo "2610"]
[WhiteElo "2491"]
[LiveChessVersion "1.4.8"]

1. e4 {[%clk 1:30:52]} c6 {[%clk 1:30:41]} 2. d4 {[%clk 1:29:10]} d5
{[%clk 1:31:04]} 3. exd5 {[%clk 1:29:17]} cxd5 {[%clk 1:31:26]} 4. Bd3
{[%clk 1:29:30]} Nc6 {[%clk 1:31:17]} 5. c3 {[%clk 1:29:30]} Qc7 {[%clk 1:29:13]}
6. Ne2 {[%clk 1:26:19]} Bg4 {[%clk 1:29:29]} 7. O-O {[%clk 1:25:47]} e6
{[%clk 1:29:14]} 8. Qe1 {[%clk 1:24:15]} Bxe2 {[%clk 1:23:10]} 9. Qxe2
{[%clk 1:24:14]} Bd6 {[%clk 1:23:28]} 10. Qg4 {[%clk 1:10:50]} g6
{[%clk 1:10:46]} 11. f4 {[%clk 1:05:53]} Nge7 {[%clk 1:08:13]} 12. a4
{[%clk 0:55:13]} h5 {[%clk 1:01:28]} 13. Qe2 {[%clk 0:53:55]} h4 {[%clk 0:59:26]}
14. Na3 {[%clk 0:51:06]} a6 {[%clk 0:58:45]} 15. b4 {[%clk 0:51:35]} Nf5
{[%clk 0:53:41]} 16. Bd2 {[%clk 0:40:41]} Nce7 {[%clk 0:37:00]} 17. b5
{[%clk 0:35:42]} O-O {[%clk 0:29:49]} 18. bxa6 {[%clk 0:30:05]} bxa6
{[%clk 0:29:32]} 19. Nc2 {[%clk 0:30:27]} Rfb8 {[%clk 0:20:40]} 20. Bxa6
{[%clk 0:28:25]} Rb2 {[%clk 0:20:03]} 21. Bd3 {[%clk 0:28:24]} Nc6
{[%clk 0:19:42]} 22. Bc1 {[%clk 0:13:59]} Rb3 {[%clk 0:19:34]} 23. Bd2
{[%clk 0:14:02]} Rb2 {[%clk 0:19:07]} 24. Bc1 {[%clk 0:14:27]} Rb3
{[%clk 0:18:10]} 25. Bd2 {[%clk 0:14:50]} Rb2 {[%clk 0:15:11]} 1/2-1/2

[Event "Team men PL final"]
[Site "Sochi"]
[Date "2018.05.04"]
[Round "4.1"]
[White "Svidler, Peter"]
[Black "Potkin, Vladimir"]
[Result "1/2-1/2"]
[BlackElo "2574"]
[WhiteElo "2760"]
[LiveChessVersion "1.4.8"]

1. e4 {[%clk 1:30:39]} e5 {[%clk 1:30:49]} 2. Nf3 {[%clk 1:31:03]} Nc6
{[%clk 1:31:13]} 3. Bb5 {[%clk 1:31:14]} Nf6 {[%clk 1:31:23]} 4. d3
{[%clk 1:31:33]} Bc5 {[%clk 1:31:14]} 5. c3 {[%clk 1:31:57]} O-O {[%clk 1:30:20]}
6. Bg5 {[%clk 1:31:37]} h6 {[%clk 1:29:08]} 7. Bh4 {[%clk 1:31:33]} g5
{[%clk 1:26:01]} 8. Bg3 {[%clk 1:31:18]} d6 {[%clk 1:26:25]} 9. Nbd2
{[%clk 1:29:00]} Nh5 {[%clk 1:22:24]} 10. Qe2 {[%clk 1:15:07]} Qf6
{[%clk 1:21:03]} 11. O-O-O {[%clk 1:10:23]} Kg7 {[%clk 1:19:09]} 12. Kb1
{[%clk 0:58:47]} a6 {[%clk 1:16:34]} 13. Bc4 {[%clk 0:55:09]} Rb8
{[%clk 1:01:03]} 14. Rdf1 {[%clk 0:44:24]} Bd7 {[%clk 0:35:50]} 15. d4
{[%clk 0:35:50]} exd4 {[%clk 0:32:16]} 16. Nxd4 {[%clk 0:32:50]} Nxg3
{[%clk 0:29:01]} 17. fxg3 {[%clk 0:29:55]} Nxd4 {[%clk 0:28:01]} 18. cxd4
{[%clk 0:30:03]} Qxd4 {[%clk 0:28:25]} 19. Nf3 {[%clk 0:28:24]} Qf6
{[%clk 0:15:06]} 20. Nh4 {[%clk 0:27:37]} Qd4 {[%clk 0:13:03]} 21. Nf3
{[%clk 0:27:46]} Qf6 {[%clk 0:13:26]} 22. Nh4 {[%clk 0:28:13]} Qd4
{[%clk 0:13:45]} 23. Nf3 1/2-1/2

[Event "Team men PL final"]
[Site "Sochi"]
[Date "2018.05.04"]
[Round "4.2"]
[White "Paravyan, David"]
[Black "Vitiugov, Nikita"]
[Result "1/2-1/2"]
[BlackElo "2740"]
[WhiteElo "2620"]
[LiveChessVersion "1.4.8"]

1. e4 {[%clk 1:30:58]} c5 {[%clk 1:30:06]} 2. Nf3 {[%clk 1:31:25]} e6
{[%clk 1:30:27]} 3. d4 {[%clk 1:31:52]} cxd4 {[%clk 1:30:50]} 4. Nxd4
{[%clk 1:32:20]} Nc6 {[%clk 1:31:12]} 5. Nc3 {[%clk 1:32:47]} a6 {[%clk 1:31:16]}
6. Be3 {[%clk 1:33:08]} Nf6 {[%clk 1:31:05]} 7. a3 {[%clk 1:33:31]} Be7
{[%clk 1:22:40]} 8. f4 {[%clk 1:33:58]} d5 {[%clk 1:14:54]} 9. e5
{[%clk 1:33:26]} Nd7 {[%clk 1:15:20]} 10. g3 {[%clk 1:17:19]} Bc5
{[%clk 1:04:51]} 11. Qd2 {[%clk 1:14:50]} Nxd4 {[%clk 0:59:40]} 12. Bxd4
{[%clk 1:15:16]} Bxd4 {[%clk 0:59:48]} 13. Qxd4 {[%clk 1:15:41]} Qb6
{[%clk 0:59:44]} 14. O-O-O {[%clk 0:58:35]} Qxd4 {[%clk 0:59:55]} 15. Rxd4
{[%clk 0:58:59]} b6 {[%clk 0:54:14]} 16. Bg2 {[%clk 0:56:36]} Bb7
{[%clk 0:53:27]} 17. Rhd1 {[%clk 0:56:05]} O-O-O {[%clk 0:48:33]} 18. b3
{[%clk 0:41:14]} Kc7 {[%clk 0:45:25]} 19. Kb2 {[%clk 0:39:14]} Nb8
{[%clk 0:38:16]} 20. h4 {[%clk 0:37:49]} h5 {[%clk 0:35:48]} 21. Ne2
{[%clk 0:38:12]} Nc6 {[%clk 0:35:30]} 22. R4d3 {[%clk 0:36:38]} Ne7
{[%clk 0:30:07]} 23. Nd4 {[%clk 0:36:46]} Kb8 {[%clk 0:28:44]} 24. Bh3
{[%clk 0:33:08]} g6 {[%clk 0:24:10]} 25. a4 {[%clk 0:32:43]} Rc8 {[%clk 0:22:19]}
26. Nf3 {[%clk 0:33:08]} Nc6 {[%clk 0:15:38]} 27. Ng5 {[%clk 0:32:43]} Rc7
{[%clk 0:15:38]} 28. R3d2 {[%clk 0:33:08]} Re8 {[%clk 0:12:48]} 29. Rh2
{[%clk 0:29:20]} a5 {[%clk 0:11:19]} 30. g4 {[%clk 0:27:25]} hxg4
{[%clk 0:11:20]} 31. Bxg4 {[%clk 0:27:51]} Ba6 {[%clk 0:11:13]} 32. h5
{[%clk 0:26:57]} gxh5 {[%clk 0:11:36]} 33. Bxh5 {[%clk 0:27:23]} Rf8
{[%clk 0:11:31]} 34. Rf2 {[%clk 0:19:11]} Nb4 {[%clk 0:10:30]} 35. Rdd2
{[%clk 0:18:56]} Bc8 {[%clk 0:09:33]} 36. f5 {[%clk 0:15:56]} exf5
{[%clk 0:09:25]} 37. c3 {[%clk 0:16:22]} Nc6 {[%clk 0:07:01]} 38. Rxd5
{[%clk 0:16:35]} Re7 {[%clk 0:04:12]} 39. Re2 {[%clk 0:11:01]} f6
{[%clk 0:00:57]} 40. exf6 {[%clk 0:41:36]} Rxe2+ {[%clk 0:31:45]} 41. Bxe2
{[%clk 0:42:03]} Rxf6 {[%clk 0:32:08]} 42. Kc1 {[%clk 0:30:52]} Kc7
{[%clk 0:29:24]} 43. Kd2 {[%clk 0:23:53]} Rg6 {[%clk 0:23:23]} 44. Nh3
{[%clk 0:16:58]} Be6 {[%clk 0:20:31]} 45. Rb5 {[%clk 0:17:22]} Na7
{[%clk 0:18:49]} 46. Nf4 {[%clk 0:17:43]} Nxb5 {[%clk 0:19:06]} 47. Nxg6
{[%clk 0:18:09]} Nd6 {[%clk 0:18:44]} 48. c4 {[%clk 0:18:25]} Ne4+
{[%clk 0:17:48]} 49. Ke3 {[%clk 0:17:22]} Kd6 {[%clk 0:16:50]} 50. Bd3
{[%clk 0:16:07]} Nc5 {[%clk 0:13:22]} 51. Bc2 {[%clk 0:16:33]} Bd7
{[%clk 0:11:29]} 52. Nh4 {[%clk 0:13:05]} Ke5 {[%clk 0:11:08]} 53. Ng6+
{[%clk 0:13:31]} Kd6 {[%clk 0:09:07]} 54. Nh4 {[%clk 0:13:57]} Be6
{[%clk 0:05:30]} 55. Kf4 {[%clk 0:13:18]} Bd7 {[%clk 0:04:26]} 1/2-1/2

[Event "Team men PL final"]
[Site "Sochi"]
[Date "2018.05.04"]
[Round "4.3"]
[White "Fedoseev, Vladimir"]
[Black "Stupak, Kirill"]
[Result "1/2-1/2"]
[BlackElo "2556"]
[WhiteElo "2706"]
[LiveChessVersion "1.4.8"]

1. e4 {[%clk 1:30:58]} e6 {[%clk 1:30:51]} 2. d4 {[%clk 1:31:19]} d5
{[%clk 1:31:04]} 3. e5 {[%clk 1:31:42]} c5 {[%clk 1:31:29]} 4. c3
{[%clk 1:32:03]} Qb6 {[%clk 1:31:57]} 5. Nf3 {[%clk 1:32:21]} Nc6
{[%clk 1:32:25]} 6. a3 {[%clk 1:32:39]} f6 {[%clk 1:32:51]} 7. Bd3
{[%clk 1:32:59]} fxe5 {[%clk 1:32:57]} 8. dxe5 {[%clk 1:33:21]} c4
{[%clk 1:33:24]} 9. Bc2 {[%clk 1:33:41]} g6 {[%clk 1:33:27]} 10. O-O
{[%clk 1:33:55]} Bg7 {[%clk 1:33:27]} 11. Nbd2 {[%clk 1:33:53]} Nh6
{[%clk 1:28:58]} 12. b3 {[%clk 1:23:52]} cxb3 {[%clk 1:26:46]} 13. Bxb3
{[%clk 1:21:06]} O-O {[%clk 1:00:03]} 14. c4 {[%clk 1:20:09]} Na5
{[%clk 0:23:21]} 15. cxd5 {[%clk 1:06:33]} Nxb3 {[%clk 0:23:42]} 16. Nxb3
{[%clk 1:06:58]} exd5 {[%clk 0:22:39]} 17. Be3 {[%clk 1:07:13]} Qd8
{[%clk 0:22:28]} 18. Bg5 {[%clk 1:03:09]} Qb6 {[%clk 0:19:35]} 19. Nbd4
{[%clk 0:54:46]} Nf7 {[%clk 0:18:16]} 20. Rb1 {[%clk 0:51:46]} Qa6
{[%clk 0:17:31]} 21. Qb3 {[%clk 0:49:40]} Qc4 {[%clk 0:11:07]} 22. Qe3
{[%clk 0:49:30]} Re8 {[%clk 0:11:36]} 23. Rfc1 {[%clk 0:46:32]} Qa4
{[%clk 0:08:31]} 24. Rb4 {[%clk 0:43:23]} Qa5 {[%clk 0:06:54]} 25. Bf4
{[%clk 0:40:51]} Nd6 {[%clk 0:07:11]} 26. Qc3 {[%clk 0:37:34]} Ne4
{[%clk 0:05:47]} 27. Qb3 {[%clk 0:37:51]} a6 {[%clk 0:03:56]} 28. Ra4
{[%clk 0:35:02]} Qd8 {[%clk 0:03:56]} 29. Nb5 {[%clk 0:35:04]} Bd7
{[%clk 0:01:57]} 30. Qxd5+ {[%clk 0:34:42]} Kh8 {[%clk 0:02:26]} 31. Rxe4
{[%clk 0:34:03]} Bxb5 {[%clk 0:02:52]} 32. Qb3 {[%clk 0:32:17]} Qd3
{[%clk 0:02:18]} 33. Qxd3 {[%clk 0:32:25]} Bxd3 {[%clk 0:02:46]} 34. Re3
{[%clk 0:32:45]} Rad8 {[%clk 0:02:20]} 35. h4 {[%clk 0:27:05]} Bb5
{[%clk 0:01:31]} 36. Bg5 {[%clk 0:23:58]} Rd7 {[%clk 0:01:10]} 37. Bf6
{[%clk 0:21:35]} Bc6 {[%clk 0:01:39]} 38. Rc4 {[%clk 0:21:10]} Kg8
{[%clk 0:00:56]} 39. Bxg7 {[%clk 0:19:27]} Kxg7 {[%clk 0:01:25]} 40. Nd4
{[%clk 0:48:04]} Bd5 {[%clk 0:31:52]} 41. Rb4 {[%clk 0:47:11]} b5
{[%clk 0:30:51]} 42. Nb3 {[%clk 0:45:45]} Bc4 {[%clk 0:21:44]} 43. Kh2
{[%clk 0:41:35]} Rd1 {[%clk 0:20:10]} 44. Kg3 {[%clk 0:36:23]} Rc8
{[%clk 0:18:42]} 45. f3 {[%clk 0:35:43]} Kf7 {[%clk 0:12:29]} 46. Na5
{[%clk 0:33:15]} Ke6 {[%clk 0:10:56]} 47. Nxc4 {[%clk 0:32:10]} Rxc4
{[%clk 0:11:15]} 48. Rxc4 {[%clk 0:32:26]} bxc4 {[%clk 0:11:44]} 49. Re4
{[%clk 0:23:55]} c3 {[%clk 0:07:42]} 50. Rc4 {[%clk 0:24:17]} Rd3
{[%clk 0:08:11]} 51. Rc5 {[%clk 0:24:22]} Kf5 {[%clk 0:07:13]} 52. a4
{[%clk 0:24:40]} h5 {[%clk 0:04:38]} 53. Kh3 {[%clk 0:20:28]} Re3
{[%clk 0:04:11]} 54. Kh2 {[%clk 0:20:51]} Ke6 {[%clk 0:00:32]} 55. Kg3
{[%clk 0:20:47]} Kf5 {[%clk 0:00:57]} 56. Kf2 {[%clk 0:20:55]} Rd3
{[%clk 0:00:49]} 57. g3 {[%clk 0:20:10]} Rd2+ {[%clk 0:01:15]} 58. Ke3
{[%clk 0:20:34]} Rg2 {[%clk 0:00:44]} 59. Rxc3 {[%clk 0:20:48]} Rxg3
{[%clk 0:01:09]} 60. Rc4 {[%clk 0:20:52]} Rg1 {[%clk 0:00:37]} 61. Kf2
{[%clk 0:20:13]} Ra1 {[%clk 0:00:39]} 62. Re4 {[%clk 0:20:04]} Ke6
{[%clk 0:00:59]} 63. Kg3 {[%clk 0:19:02]} Rh1 {[%clk 0:01:27]} 64. Re2
{[%clk 0:17:27]} Ra1 {[%clk 0:01:32]} 65. Re4 {[%clk 0:17:42]} Rh1
{[%clk 0:01:41]} 66. Kf2 {[%clk 0:18:05]} Rh2+ {[%clk 0:00:50]} 67. Ke3
{[%clk 0:17:57]} Rh3 {[%clk 0:01:01]} 68. Ke2 {[%clk 0:17:49]} Rh2+
{[%clk 0:01:06]} 69. Kd3 {[%clk 0:18:15]} Rh3 {[%clk 0:01:30]} 70. Ke3
{[%clk 0:18:36]} Rh1 {[%clk 0:01:14]} 71. Kd4 {[%clk 0:17:26]} Rc1
{[%clk 0:01:42]} 72. Kd3 {[%clk 0:17:04]} Rf1 {[%clk 0:02:11]} 73. Ke2
{[%clk 0:11:23]} Ra1 {[%clk 0:01:25]} 74. Ke3 {[%clk 0:11:36]} Rh1
{[%clk 0:01:35]} 75. Kf2 {[%clk 0:10:50]} Rh2+ {[%clk 0:01:46]} 76. Ke3
{[%clk 0:10:19]} Rh1 1/2-1/2

[Event "Team men PL final"]
[Site "Sochi"]
[Date "2018.05.04"]
[Round "4.4"]
[White "Yuffa, Daniil"]
[Black "Matlakov, Maxim"]
[Result "1/2-1/2"]
[BlackElo "2704"]
[WhiteElo "2566"]
[LiveChessVersion "1.4.8"]

1. d4 {[%clk 1:30:51]} Nf6 {[%clk 1:30:53]} 2. c4 {[%clk 1:31:16]} e6
{[%clk 1:31:18]} 3. g3 {[%clk 1:31:42]} Bb4+ {[%clk 1:31:33]} 4. Bd2
{[%clk 1:32:08]} Be7 {[%clk 1:31:37]} 5. Bg2 {[%clk 1:32:21]} d5 {[%clk 1:31:52]}
6. Nf3 {[%clk 1:32:38]} O-O {[%clk 1:32:02]} 7. O-O {[%clk 1:32:50]} Nbd7
{[%clk 1:32:22]} 8. Qc2 {[%clk 1:30:28]} c6 {[%clk 1:32:16]} 9. Rd1
{[%clk 1:30:08]} b6 {[%clk 1:32:08]} 10. Bf4 {[%clk 1:28:54]} Ba6
{[%clk 1:22:48]} 11. Ne5 {[%clk 1:25:54]} Rc8 {[%clk 1:19:58]} 12. Nc3
{[%clk 1:22:04]} Bxc4 {[%clk 1:19:18]} 13. Nxc4 {[%clk 1:22:29]} dxc4
{[%clk 1:19:40]} 14. e4 {[%clk 1:22:57]} b5 {[%clk 1:19:08]} 15. d5
{[%clk 1:23:14]} cxd5 {[%clk 1:17:57]} 16. exd5 {[%clk 1:23:39]} e5
{[%clk 1:18:13]} 17. d6 {[%clk 1:24:03]} exf4 {[%clk 1:11:06]} 18. Nxb5
{[%clk 1:24:26]} Rc5 {[%clk 1:10:51]} 19. a4 {[%clk 1:13:06]} a6 {[%clk 1:08:00]}
20. dxe7 {[%clk 1:12:36]} Qxe7 {[%clk 1:08:24]} 21. Nd6 {[%clk 1:12:21]} fxg3
{[%clk 0:57:24]} 22. hxg3 {[%clk 1:12:42]} h5 {[%clk 0:56:41]} 23. Rd4
{[%clk 1:10:11]} Rb8 {[%clk 0:49:08]} 24. Rad1 {[%clk 1:03:00]} Nf8
{[%clk 0:42:34]} 25. Rxc4 {[%clk 0:52:57]} Rxc4 {[%clk 0:39:56]} 26. Nxc4
{[%clk 0:53:14]} Ne6 {[%clk 0:32:11]} 27. Ne5 {[%clk 0:42:20]} Qb4
{[%clk 0:29:14]} 28. Rd2 {[%clk 0:37:09]} Re8 {[%clk 0:28:06]} 29. Nc6
{[%clk 0:29:12]} Qg4 {[%clk 0:28:18]} 30. Ne5 {[%clk 0:25:27]} Qb4
{[%clk 0:28:22]} 31. Nc6 {[%clk 0:22:45]} Qg4 {[%clk 0:28:29]} 32. Ne5
{[%clk 0:22:43]} Qg5 {[%clk 0:24:15]} 33. Qc3 {[%clk 0:22:06]} Qf5
{[%clk 0:24:24]} 34. Re2 {[%clk 0:18:35]} h4 {[%clk 0:18:39]} 35. Qd3
{[%clk 0:17:36]} Qh5 {[%clk 0:15:29]} 36. Bf3 {[%clk 0:06:40]} Qg5
{[%clk 0:13:37]} 37. Kh2 {[%clk 0:04:17]} Qh6 {[%clk 0:07:10]} 38. Kg2
{[%clk 0:04:27]} hxg3 {[%clk 0:02:43]} 39. fxg3 {[%clk 0:04:53]} Rd8
{[%clk 0:02:10]} 40. Qc4 {[%clk 0:31:43]} Rd1 {[%clk 0:31:04]} 41. Qc8+
{[%clk 0:28:56]} Nf8 {[%clk 0:29:23]} 42. Qh3 {[%clk 0:27:43]} Qc1
{[%clk 0:25:26]} 43. Qh4 {[%clk 0:22:02]} Ne6 {[%clk 0:21:13]} 44. Qc4
{[%clk 0:18:42]} Rg1+ {[%clk 0:16:08]} 45. Kh2 {[%clk 0:18:45]} Qxc4
{[%clk 0:16:20]} 46. Nxc4 {[%clk 0:19:09]} Ra1 {[%clk 0:16:43]} 47. b3
{[%clk 0:13:50]} Nd4 {[%clk 0:16:21]} 48. Re3 {[%clk 0:14:16]} g5
{[%clk 0:12:15]} 49. Rd3 {[%clk 0:10:35]} Ra2+ {[%clk 0:11:51]} 50. Kg1
{[%clk 0:10:52]} Nxf3+ {[%clk 0:07:45]} 51. Rxf3 {[%clk 0:11:19]} Ne4
{[%clk 0:08:07]} 52. Re3 {[%clk 0:11:01]} f5 {[%clk 0:08:21]} 53. g4
{[%clk 0:10:48]} Ra1+ {[%clk 0:08:37]} 54. Kg2 {[%clk 0:11:12]} Ra2+
{[%clk 0:09:02]} 55. Kg1 {[%clk 0:11:40]} Ra1+ {[%clk 0:09:16]} 56. Kg2
{[%clk 0:12:06]} Ra2+ {[%clk 0:09:23]} 1/2-1/2